| 000 | 00371nam a2200145Ia 4500 | ||
|---|---|---|---|
| 008 | 230917s9999||||xx |||||||||||||| ||und|| | ||
| 040 |
_e110883 _aMAIN |
||
| 041 | _aEnglish | ||
| 082 | _aB D495Y:C | ||
| 100 | _aYadav, K C | ||
| 245 | 0 | _aChaudhari Devi Lal: A political biigraphy | |
| 260 |
_aGurgaon _bHope India Publications _c2002 |
||
| 300 | _a294 p. | ||
| 942 | _cBK | ||
| 999 |
_c131501 _d131501 |
||